Estadísticas para Cuadrado mágico

Haz click aquí para intentar la prueba.

Estadísticas generales

  • Esta prueba ha sido intentada 29 veces
  • La puntuación promedio es 10 de 10

Estadísticas de respuestas

NombreNombre% Correcto
1919
100%
2323
100%
2525
100%
33
100%
77
100%
22
96%
11
93%
1313
93%
66
93%
2424
89%

Distribución de puntuación

Porcentaje por número respondido

Porcentaje de gente con cada puntuación

Historial de tus puntuaciones

No has intentado esta prueba.